Mother Goose math Grades K-2. (Record no. 112551)
[ view plain ]
| 000 -LEADER | |
|---|---|
| fixed length control field | 00299nam a2200121 a 4500 |
| 005 - DATE AND TIME OF LATEST TRANSACTION | |
| control field | 20140414131939.0 |
| 008 - FIXED-LENGTH DATA ELEMENTS--GENERAL INFORMATION | |
| fixed length control field | 110125s19uu xx 00 eng d |
| 050 ## - LIBRARY OF CONGRESS CALL NUMBER | |
| Classification number | TR 372.7 |
| Item number | Sch2 2003 |
| 100 ## - MAIN ENTRY--PERSONAL NAME | |
| Personal name | Schecter, Deborah |
| 245 ## - TITLE STATEMENT | |
| Title | Mother Goose math Grades K-2. |
| Withdrawn status | Lost status | Damaged status | Home library | Current library | Shelving location | Date acquired | Total Checkouts | Full call number | Barcode | Date last seen | Price effective from | Koha item type |
|---|---|---|---|---|---|---|---|---|---|---|---|---|
| Munich Library | Munich Library | Teachers Reference Section | 01/25/2011 | TR 372.7 Sch2 2003 | M3889 | 04/14/2014 | 04/14/2014 | Books | ||||
| Munich Library | Munich Library | Teachers Reference Section | 01/25/2011 | TR 372.7 Sch2 2003 | M3892 | 04/14/2014 | 04/14/2014 | Books |